000 00828nam a2200253Ia 4500
003 OSt
005 20221005111128.0
006 a|||||r|||| 00| 0
007 ta
008 221004b |||||||| |||| 00| 0 hin d
020 _a8181433564 (hbk)
024 _a108629
037 _cTextual
040 _aCRL
_cCRL
_bhin
041 _2hin
_ahin
082 _aO152:g(Y), P5;P8(TTPH)
100 _aपाण्डेय, मैनेजर
245 0 _aआलोचना की सामाजिकता
246 _aĀlochanā kī sāmājikatā
260 _aनई दिल्ली
_bवाणी प्रकाशन भारत
_c2008
300 _a296पृ0
_ccm.
942 _hO152:g(Y), P5;P8(TTPH)
_cTEXL
_2cc
999 _c1020901
_d1020901